| 000 | 00560nam a2200169 i 4500 | ||
|---|---|---|---|
| 001 | 76509 | ||
| 003 | ES-MaACL | ||
| 005 | 20230906172850.0 | ||
| 007 | t| | ||
| 008 | 041001s1973 sp ||||1| spa d | ||
| 100 | 1 |
_aGuinchat, Piere. _960853 |
|
| 245 | 1 | 0 |
_aPara informar _b: las técnicas de comunicación al servicio del animador / _cpor Piere Guinchat ; [traducción de Francesc Gironella]. |
| 260 |
_a[Barcelona] : _bOidá, _c1973. |
||
| 300 |
_a180 p. : _bil. ; _c21 cm. |
||
| 700 | 1 |
_aGironella, Francesc. _957296 |
|
| 852 |
_aES-MaACL _jC-55267 _bR.87958 |
||
| 999 |
_c76509 _d76509 |
||